000 00468nam a2200181Ia 4500
001 18598
005 20260306171642.0
008 260306s9999||||xx |||||||||||||| ||und||
041 _aESP
082 _a658.4092
_bF54 2006
100 _aFischman, David
_eAUT
245 0 _aEl camino del líder:
_bhistorias ancestrales y vivencias personales
260 _c2006
300 _a175 páginas :
_c21 cm.
650 _aGEN
654 _aCAN
942 _cLIB
_dJUS
_fJUS
_2ddc
_n
999 _c18598
_d18598